00538nam a2200145 a 450000100100000000500170001000800410002704000250006824500390009326000860013230000220021850000300024095201050027099900170037500004566620201002052357.0150422s1972 000 spa d aDO-SdBNPbspacBNPHU 0aPoesía 71 :. :bcultura popular. aBarahona, República Dominicana, :bSociedad Cultural Los Buenos Amigos",c1972. a31 p. : ;c21 cm. aPrimer concurso literario 001050718MOaPDbPDcHDd2015-04-22iLF1l0o p45666-10r2020-06-25w2020-06-25y1ZNo se presta c45155d45155